=LDR 00000nam 2200000 4500 =001 INLIS000000000041181 =005 20130612150728 =008 ***********************************ind** =035 ##$$0010-061300000041181 =041 ##$$a ind =082 ##$$a 813 =090 ##$$a 813 , Tou ,h =100 ##$$a TOUNLEY, Gemma =245 ##$$a The Hopeless Romantic's Handbook , Panduan Untuk si romantis Kronis , Gemma Tounley =260 ##$$a 2011 $b Jakarta =300 ##$$a 424 hlm. , 12 cm =650 ##$$a FIKSI =850 ##$$a NBPNMAT =990 ##$$a 21196021/BPAP-NTB/2014 =990 ##$$a 0001/BPAP-NTB/20142015 =990 ##$$a 0001/BPAP-NTB/2015 =990 ##$$a 0001/BPAP-NTB/2015